00747nam a2200169 a 450000100100000000500170001000800410002704000250006808200150009311000760010824000180018424501560020226000700035830000190042895201130044799900170056000004503720201002045825.0110406s1996 dr 000 0 spa d aDO-SdBNPbspacBNPHU axxxbR426c1 aRepública DominicanabInstituto dominicano de seguros sociales91649910a[Leyes, Etc.]10aReglamento :bpara la aplicación del plan de retiro y asistencia social de los funcionarios y empleados del instituto dominicano de seguros sociales. aSanto Domingo :bInstituto dominicano de seguros sociales,c1996. a20 p ;c21 cm. 0010718PDaPDbPDcCTd2015-01-29iLF1l0oxxx R426cp45037-10r2020-06-25w2020-06-25yLFPDZNo se presta c44526d44526